Rieux-Volvestre - Choix multiples - Statistiques

Statistiques générales
  • Ce quiz a été pris 17 fois
    6 depuis la dernière actualisation
  • Le résultat moyen est 7 sur 10
Statistiques - réponses
Question Réponse % Correct
Quelle image satellite correspond à Rieux-Volvestre ?
100%
Dans quel département de l'Occitanie se trouve Rieux-Volvestre ? La Haute-Garonne
100%
Quel affluent de la Garonne encercle la cité de Rieux-Volvestre ? L'Arize
83%
Quelle est la Cathédrale de la Nativité-de-Marie ?
67%
Dans quelle commune se trouve le lycée de secteur ? Cazères-sur-Garonne
67%
Comment appelle-t-on les habitants de Rieux-Volvestre ? Les Rivois
67%
Qu'est ce que le Village Gaulois ? Une reconstruction d'un village de l'époque gauloise, à vocation pédagogique et scientifique.
67%
Que vise-t-on lors de la fête du Papogay, qui se déroule chaque premier week-end de mai ? Un oiseau en bois perché sur un mât de 45m de haut.
67%
La commune de Rieux-Volvestre a autrefois été classée parmi Les Plus Beaux Villages de France. Que s’est-il passé ensuite ? Elle a dépassé le nombre limite de 2 000 habitants.
50%
Combien de monuments protégés au titre de monument historique comporte Rieux-Volvestre ? 7
33%
Aucun quiz correspondant
Distribution des résultats
% des personnes avec chaque résultat
Percentile par nombre de réponses
Votre historique - résultats
Vous n’avez pas pris ce quiz depuis la dernière actualisation